| 000 | 00489nam a2200169Ia 4500 | ||
|---|---|---|---|
| 008 | 131103s9999 xx 000 0 und d | ||
| 040 | _aLoreto College | ||
| 041 | _aEnglish | ||
| 082 |
_a891.7/SOL _bLCLIB/21567 |
||
| 100 | _aSolzhenitsyn,Alexander | ||
| 245 |
_a01/08/2014 _cAlexander Solzhenitsyn; translated by Michael Glenny |
||
| 260 |
_aHarmondsworth _bPenguin Books _c1974 |
||
| 300 |
_aillus.,4 maps _c 18 cm. |
||
| 650 | _aRussian Literature | ||
| 850 | _aLCLIB | ||
| 942 | _cBK | ||
| 999 |
_c13634 _d64113 |
||